000 00839nam0a2200277 4500
001 RU\NLR\bibl\1439936
005 20250615224326.0
010 _a978-5-386-01623-4
_95000
021 _aRU
_b2009-76461
_94777
035 _a(NLR Aleph) 001431796
090 _a1407317
_c1407317
100 _a20091009d2009 |||y0rusy50 ca
101 1 _arus
_cswe
102 _aRU
105 _ay |||||||||
200 1 _aПродана
_fВера Эфрон
_g[пер. с швед. Б.Н. Григорьева]
210 _aМосква
_cРИПОЛ классик
_d2009
215 _a270 с.
_d21
225 1 _aСерия "Документ"
686 _aШ6(4Шв)67-440.4{Лх1489-50}
700 1 _aЭфрон
_bВ.
_gВера
_4070
801 0 _aRU
_bNLR
_c20091009
_gRCR
801 1 _aRU
_bNLR
_c20091009
942 _cBOOK
980 _aNB